00873nas a2200229Ia 4500001001100000003000900011008004100020040001300061040001300074041001300087100005200100210001200152222001200164245010900176250001100285260002200296501008600318300002000404362003100424500014500455650004300600R142/77679IT-RoPAU151124c99999999xx |||||||||||| ||und|| aIT-RoPAU cIT-RoPAU aFRANCESE aCortade Jean-EmmanuelgCodice Aut. SPICS: 39622 aRESEAUX aReseaux aRESEAUX, N.054 (LUGLIO/AGOSTO 1992)bPoint Sur Le Financement De la Television Hertzienne En France (Le) a1a ed. aPARISbCNETc1992 bPaulus - SPICS - Società San Paolo EM (non-commercial uses only)cCopyright2015 a11 p. [125-135] aN.054 (LUGLIO/AGOSTO 1992) aPunto Sul Finanziamento della Televisione Hertziana in Francia. Mercato Inforte Concorrenza. Insufficienza Delle Entrate. Aumento dei Costi. aCOMUNICAZIONEvPUBBLICAZIONE PERIODICA